Countries that Border Each Other #3 - Statistics

General Stats
  • This quiz has been taken 24 times
  • The average score is 13 of 15
Answer Stats
Hint Answer % Correct
B Belarus
100%
U Ukraine
100%
G Guinea
95%
G Guinea-Bissau
95%
P Poland
95%
S Senegal
95%
B Bangladesh
90%
I India
90%
I Iran
90%
M Myanmar
86%
T Turkmenistan
86%
A Afghanistan
81%
E Eswatini
62%
S South Africa
57%
M Mozambique
52%
No matching quizzes found
Score Distribution
Percent of People with Each Score
Percentile by Number Answered
Your Score History
You have not taken this quiz